| 000 | 00462nam a2200157Ia 4500 | ||
|---|---|---|---|
| 008 | 210719s2000 xx 000 0 und d | ||
| 041 | _aeng | ||
| 082 | _a384.5 THET | ||
| 100 | _aTHEOPHIL (Sandeep) | ||
| 245 | _aTulu programmes on feba radio: a study | ||
| 260 |
_aMangalore _bSt Aloysius College _c2000 |
||
| 300 |
_a51 _bHB |
||
| 650 | _aProject Reports | ||
| 650 | _aProject Reports | ||
| 906 | _aa ; feba ; on ; programmes ; radio ; radio: ; study ; Tulu | ||
| 999 |
_c215088 _d215088 |
||